000
00249nam a2200097Ia 4500
001
1253186
005
20251031150948.0
008
251031s9999 xx 000 0 und d
245
0
_c
BETÜL SAYIN
_a
U-6 KÖSTEBEK KUKİ
260
_b
GÜNIŞIĞI YAYINLARI
999
_c
1253186
_d
1253186